Central Library OPAC University of Rajshahi

Furnaces / (Record no. 12782)

MARC details
000 -LEADER
fixed length control field 00910cam a22002771 4500
001 - CONTROL NUMBER
control field 12782
003 - CONTROL NUMBER IDENTIFIER
rucl marc code BD-RjUL
005 - DATE AND TIME OF LATEST TRANSACTION
control field 20211208235345.0
008 - FIXED-LENGTH DATA ELEMENTS--GENERAL INFORMATION
fixed length control field 140129s1963 enka b 000 0 eng
035 ## - SYSTEM CONTROL NUMBER
System control number (BD-RjUL)12832
System control number (OCoLC)2118171
040 ## - CATALOGING SOURCE
Original cataloging agency DLC
Transcribing agency OClU
Modifying agency OCoLC
-- Uk
-- DLC
-- BD-RjUL
Language of cataloging eng
041 ## - LANGUAGE CODE
Language code of text/sound track or separate title eng
082 00 - DEWEY DECIMAL CLASSIFICATION NUMBER
Classification number 621.183
Author mark and year GIF 1963
100 1# - MAIN ENTRY--PERSONAL NAME
Personal name Gilchrist, J. D.
Fuller form of name (James Duncan)
9 (RLIN) 39840
245 10 - TITLE STATEMENT
Title Furnaces /
Statement of responsibility, etc. J. D. Gilchrist.
260 ## - PUBLICATION, DISTRIBUTION, ETC. (IMPRINT)
Place of publication, distribution, etc. Oxford ;
Name of publisher, distributor, etc. Pergamon Press;
Place of publication, distribution, etc. New York :
Name of publisher, distributor, etc. Macmillan,
Date of publication, distribution, etc. c1963.
300 ## - PHYSICAL DESCRIPTION
Pagination 156 p. :
Illustrations diagrs. ;
Size 20 cm.
500 ## - GENERAL NOTE
General note "132."
504 ## - BIBLIOGRAPHY, ETC. NOTE
Bibliography, etc Bibliography: p. 151.
650 #0 - SUBJECT ADDED ENTRY--TOPICAL TERM
Topical term or geographic name as entry element Furnaces.
9 (RLIN) 39842
942 ## - ADDED ENTRY ELEMENTS (KOHA)
Source of classification or shelving scheme Dewey Decimal Classification
Koha item type Books
Holdings
Lost status Source of classification or shelving scheme Damaged status Not for loan Permanent Location Current Location Shelving location Date acquired Source of acquisition Cost, normal purchase price Total Checkouts Full call number Date last seen Copy number Koha item type Collection code
  Dewey Decimal Classification     Central Library, University of Rajshahi Central Library, University of Rajshahi   27/05/1970 Zeitlinger 15.00   621.183 GIF 1963 29/01/2014 C-2 Books  
  Dewey Decimal Classification   Not For Loan Central Library, University of Rajshahi Central Library, University of Rajshahi Reading Room 27/05/1970 Zeitlinger 15.00   621.183 GIF 1963 04/06/2017 C-1 Books Non-fiction